Estatísticas para Países Por Taxa De Natalidade

Clique aqui para jogar o quiz

Estatísticas Gerais

  • Esse quiz foi jogado 63 vezes
  • A pontuação média é 18 de 39

Estatísticas das Respostas

10 Principais Países% Correto
21.88Guatemala
72%
20.81Haiti
72%
17.71Panamá
72%
46.86Níger
68%
6.90Japão
66%
24.22Iraque
64%
17.49El Salvador
62%
26.01Paquistão
62%
20.93Belize
60%
39.64R. D. Congo
60%
16.99Venezuela
60%
18.08Bolívia
58%
17.64Honduras
58%
16.96Peru
58%
22.19Síria
58%
41.42Angola
54%
6.95Coreia do Sul
52%
6.61Mônaco
50%
34.79Afeganistão
48%
17.80República Dominicana
46%
24.05Iémen
40%
37.71Somália
40%
22.17Filipinas
38%
21.62Omã
38%
36.94Moçambique
36%
37.07Sudão do Sul
36%
39.85Chade
34%
7.12Espanha
34%
7.00Itália
34%
7.33Taiwan
34%
40.54Mali
32%
7.99Portugal
32%
6.87Andorra
30%
22.37Jordânia
26%
30.36Timor Leste
24%
40.27Uganda
22%
7.52Grécia
20%
40.72
Benim
18%
7.97Bulgária
0%

Distribuição das Pontuações

Percentil de Números Respondidos

Porcentagem de Pessoas com Cada Pontuação

Sua Pontuação Histórica

Você não jogou esse quiz